| 000 | 01192nam a22003617a 4500 | ||
|---|---|---|---|
| 001 | BR7304325 | ||
| 003 | BR-BrBNA | ||
| 005 | 20230928084024.0 | ||
| 007 | ta | ||
| 008 | 230509b bl.||||| |||| 00| 0 por d | ||
| 040 |
_aBR-BrBNA _bpor _cBiblioteca Nacional de Agricultura |
||
| 041 | _a(Por) | ||
| 072 |
_aE70 _b0230 |
||
| 090 | _ 0230 BR7304325 | ||
| 100 | 1 | _aValsechi, O. | |
| 100 | 1 | _aOliveira, E.R. de | |
| 100 | 1 | _aStupiello, J.P. | |
| 100 | 1 | _aDelgado, A.A. | |
| 100 | 1 | _aCesar, M.A.A. | |
| 100 | 1 | _aOliveira, A.J. de | |
| 100 | 1 | _aNovaes, F.V. | |
| 110 | 1 | _aInstituto do Acucar e do Alcool, Rio de Janeiro, GB (Brasil). Div. de Assistencia a Producao | |
| 245 | 1 |
_aAnalise em cana-de-acucar para efeito de pagamento _bCurso de aperfeicoamento para fiscalizacao de analise de cana de acucar |
|
| 260 | 3 |
_aRio de Janeiro, GB (Brasil): _c1968. |
|
| 300 | _a146 p. | ||
| 500 | _a16 ref. (*) Documento disponível na(o) Instituto do Acucar e do Alcool, Rio de Janeiro, RJ (Brazil) | ||
| 650 | _aCANA DE ACUCAR | ||
| 650 | _aCONTROLE DE QUALIDADE | ||
| 650 | _aCOMPRA | ||
| 650 | _aCOMPOSICAO DE ALIMENTO | ||
| 909 |
_a202309 _bLucia _c55 _dLucia Elande |
||
| 942 | _cBK | ||
| 999 |
_c16373 _d16373 |
||